[Event "Kadettallsvenskan Helsingborg"]
[Site "Helsingborg"]
[Date "2016.05.14"]
[Round "1.1"]
[White "Lauridsen, Linnea"]
[Black "Szczepanowski, Tomasz"]
[Result "0-1"]
[WhiteElo "1100"]
[BlackElo "1744"]

1.c4 Nf6 2.Nf3 g6 3.d3 Bg7 4.Nc3 e6 5.g3 b6 6.Bg2 Bb7 7.O-O d6 8.Be3 Nbd7 
9.Qd2 O-O 10.b3 Ng4 11.Rac1 Nxe3 12.Qxe3 e5 13.a3 h6 14.d4 f5 15.dxe5 dxe5
16.Rcd1 Qe7 17.Nb5 Nc5 18.b4 Ne4 19.Rd3 f4 20.gxf4 exf4 21.Qc1 Ng5 22.Rfd1
Qxe2 23.Nbd4 Bxd4 24.Nxd4 Qg4 25.f3 Nh3+ 26.Kf1 Qh4 27.Bxh3 Qxh3+ 28.Kg1 
Rae8 29.Re1 Be4 30.Rb3 Re5 31.Qd2 Rg5+ 32.Kh1 Ba8 33.Rg1 c5 34.Ne6 Bxf3+ 
35.Rxf3 Qxf3+ 36.Rg2 Qf1+ 37.Rg1 Rxg1# 0-1

[Event "Kadettallsvenskan Helsingborg"]
[Site "Helsingborg"]
[Date "2016.05.14"]
[Round "1.2"]
[White "Jonsson, Filip"]
[Black "Al-Sherufi, Haider"]
[Result "1-0"]
[WhiteElo "1469"]
[BlackElo "1099"]

1.d4 d5 2.c4 c6 3.Nf3 Bg4 4.e3 Nd7 5.Nc3 Bxf3 6.Qxf3 Ngf6 7.cxd5 cxd5 8.
Nxd5 Nxd5 9.Qxd5 e6 10.Qb3 Qb6 11.Qxb6 Nxb6 12.Bb5+ Kd8 13.Bd2 a6 14.Be2 
Nd5 15.a3 Bd6 16.O-O e5 17.Bf3 Nf6 18.Ba5+ Ke7 19.dxe5 Bxe5 20.Bb4+ Ke8 
21.Bxb7 Ra7 22.Bc6+ Nd7 23.Rfd1 Bxb2 24.Rab1 Be5 25.Bxd7+ Rxd7 26.Rxd7 
Kxd7 27.Rd1+ Ke6 28.Rc1 Rd8 29.g3 Rd3 30.Rc6+ Rd6 31.Bxd6 Bxd6 32.Rxa6 1-0

[Event "Kadettallsvenskan Helsingborg"]
[Site "Helsingborg"]
[Date "2016.05.14"]
[Round "1.3"]
[White "Larsson, Samuel"]
[Black "Fakhr Eldin, Majed"]
[Result "0-1"]
[WhiteElo "1098"]
[BlackElo "1377"]

1.Nf3 d5 2.d4 Bf5 3.Nc3 Nf6 4.b3 c5 5.dxc5 e6 6.Ba3 Qa5 7.Bb2 Nc6 8.Qd2 
Bxc5 9.Na4 Bxc2 10.Qxa5 Nxa5 11.Nxc5 Rc8 12.Bxf6 gxf6 13.Nd3 e5 14.Rc1 Ke7
15.Nh4 Bxd3 16.Rxc8 Rxc8 17.exd3 Rc2 18.Nf5+ Ke6 19.Ng7+ Kd7 20.Be2 Rxa2 
21.Bg4+ Kd6 22.Bd1 Rb2 23.O-O Nxb3 24.Bxb3 Rxb3 25.g3 a5 26.Nf5+ Kc5 27.
Rc1+ Kb4 28.d4 a4 29.Rc7 a3 30.Rxb7+ Kc3 31.Rxf7 a2 32.Ra7 Rb1+ 33.Kg2 
a1=Q 34.Rxa1 Rxa1 35.dxe5 fxe5 36.Kf3 d4 37.Ke4 Re1+ 38.Kf3 d3 39.Ne3 d2 
0-1

[Event "Kadettallsvenskan Helsingborg"]
[Site "Helsingborg"]
[Date "2016.05.14"]
[Round "1.4"]
[White "Uhrberg, Hillevi"]
[Black "Ekstrand, Sebastian"]
[Result "1-0"]
[WhiteElo "1131"]
[BlackElo "1095"]

1.d4 d5 2.Nf3 Nf6 3.Bf4 e6 4.e3 Be7 5.c3 Nc6 6.Nbd2 Bd7 7.Bd3 O-O 8.Qc2 
Qe8 9.Rb1 Ng4 10.Bxh7+ Kh8 11.h3 Nf6 12.Ng5 g6 13.Bxg6 fxg6 14.Ndf3 Nh5 
15.Bxc7 Bxg5 16.Nxg5 Rc8 17.Bd6 Rf7 18.Qxg6 Qg8 19.Nxf7+ Qxf7 20.Qxf7 Be8 
21.Qf8+ Kh7 22.g4 Ng7 23.Bf4 Rc7 24.Bxc7 Kg6 25.h4 Kh7 26.Bf4 Bg6 27.Rc1 
e5 28.h5 Be4 29.Rh3 exf4 30.exf4 Bg2 31.Re3 Kh6 32.Qh8# 1-0

[Event "Kadettallsvenskan Helsingborg"]
[Site "Helsingborg"]
[Date "2016.05.14"]
[Round "1.5"]
[White "Duus, Emil"]
[Black "Uhrberg, Saga"]
[Result "1-0"]
[WhiteElo "1082"]
[BlackElo "1100"]

1.e4 e5 2.Nf3 Nc6 3.Nc3 Nf6 4.d4 d6 5.d5 Ne7 6.Bg5 Bg4 7.Be2 h6 8.Bxf6 
gxf6 9.h3 Bxf3 10.Bxf3 f5 11.Qe2 Bg7 12.O-O-O Qd7 13.g3 O-O-O 14.Bg2 f4 
15.gxf4 exf4 16.f3 Rhe8 17.h4 Ng6 18.Bh3 Re6 19.dxe6 fxe6 20.e5 Qe7 21.Qf2
b6 22.exd6 cxd6 23.Nb5 Rd7 24.h5 Nh4 25.Bf1 Nf5 26.Nc3 Qf6 27.Ba6+ Kb8 28.
Rh2 Rc7 29.Rd3 Qe5 30.Qe2 Qa5 31.Rd2 Bxc3 32.Rg2 Bxd2+ 33.Kd1 Ne7 34.Qxd2 
Qxa6 35.c3 Qf1+ 36.Qe1 Qd3+ 37.Rd2 Qxf3+ 38.Qe2 Qh1+ 39.Kc2 Rc5 40.b4 Rg5 
41.Kb3 Rxh5 42.Rd1 Qh3 43.Rd3 Qh4 44.Rd1 1-0

[Event "Kadettallsvenskan Helsingborg"]
[Site "Helsingborg"]
[Date "2016.05.14"]
[Round "1.7"]
[White "Ng, Klemens"]
[Black "Ekberg, Karl"]
[Result "1/2-1/2"]
[WhiteElo "1903"]
[BlackElo "1667"]

1.e4 g6 2.d4 Bg7 3.Be3 d6 4.Nc3 a6 5.Qd2 b5 6.a3 Bb7 7.Nf3 Nd7 8.Bd3 Rc8 
9.O-O c5 10.d5 h5 11.Ng5 Nh6 12.h3 Nf8 13.f4 f6 14.Nf3 Nd7 15.Nh4 c4 16.
Be2 Kf7 17.f5 g5 18.Bxh5+ Kg8 19.Ng6 Rh7 20.Bf3 Nf7 21.Ne2 Nfe5 22.Nxe5 
Nxe5 23.Nd4 c3 24.bxc3 Nc4 25.Qe2 Qa5 26.Nb3 Qc7 27.Bd4 Nb6 28.Qf2 Na4 29.
Qe3 g4 30.Bxg4 Bh6 31.Qd3 Nxc3 32.Bxc3 Qxc3 33.Rf3 Qxc2 34.Qxc2 Rxc2 35.a4
b4 36.Na5 Bc8 37.Rb1 Bd2 38.Nc6 Rc4 39.Rd3 Bc3 40.Bf3 Bd7 41.Na5 Rc5 42.
Nb3 Rc8 43.Be2 Kf7 44.Rf3 Bxa4 45.Bxa6 Ra8 46.Bc4 Rhh8 47.Be2 Rhc8 48.g4 
Bxb3 49.Rxb3 Ra3 50.Rb1 Rca8 51.Kg2 Ra1 52.Rff1 R8a2 53.Rxa1 Rxa1 54.Rxa1 
Bxa1 55.Bc4 Be5 56.Kf3 Kg7 57.Ke3 Kh6 58.Kf3 Kg5 59.Bb3 Kh4 60.Kg2 Bd4 61.
Bc4 1/2-1/2

[Event "Kadettallsvenskan Helsingborg"]
[Site "Helsingborg"]
[Date "2016.05.14"]
[Round "1.8"]
[White "Mamadova, Saida"]
[Black "Troberg Eskola, Love"]
[Result "0-1"]
[WhiteElo "1517"]
[BlackElo "1881"]

1.d4 d5 2.c4 e6 3.Nc3 c6 4.Nf3 dxc4 5.a4 Bb4 6.e3 b5 7.Be2 Bb7 8.O-O a6 9.
Bd2 Nf6 10.b3 cxb3 11.Qxb3 Be7 12.Rfc1 O-O 13.Be1 Nbd7 14.axb5 cxb5 15.Nd2
Qb6 16.Bf3 Bxf3 17.Nxf3 Rfc8 18.h3 Bd6 19.e4 e5 20.d5 Nc5 21.Qb1 Nfd7 22.
Bd2 b4 23.Na4 Nxa4 24.Rxa4 a5 25.Ne1 Rxc1 26.Bxc1 Nc5 27.Be3 Qb5 28.Ra2 b3
29.Rc2 a4 30.Rd2 a3 31.Bxc5 Bxc5 32.Nd3 Bd4 33.Nc1 Rb8 34.Kh2 Qf1 35.d6 b2
36.Rxb2 Bxb2 37.Qc2 Qxc1 38.Qa4 Qf4+ 39.Kg1 Rc8 40.g3 Qf3 0-1

[Event "Kadettallsvenskan Helsingborg"]
[Site "Helsingborg"]
[Date "2016.05.14"]
[Round "1.9"]
[White "Torngren, Gustav"]
[Black "Tsakiris, Adam"]
[Result "1-0"]
[WhiteElo "1810"]
[BlackElo "1308"]

1.d4 Nf6 2.c4 c6 3.Nc3 d5 4.Nf3 g6 5.Bg5 Bg7 6.e3 h6 7.Bh4 Be6 8.Qb3 Qb6 
9.Nd2 Qxb3 10.Nxb3 dxc4 11.Nc5 b6 12.Nxe6 fxe6 13.Bxc4 Kf7 14.Ke2 b5 15.
Bb3 Nbd7 16.Rac1 Rac8 17.Rc2 a5 18.a3 a4 19.Ba2 Ra8 20.Rhc1 Rhc8 21.Nxb5 
Rab8 22.Rxc6 Rxc6 23.Rxc6 Rxb5 24.Bxe6+ Kf8 25.Rc8+ Ne8 26.Bxd7 Rxb2+ 27.
Kf3 Rb7 28.Rxe8+ Kf7 29.Rxe7+ Kf8 30.Re8+ Kf7 31.Bxa4 g5 32.Bg3 Ra7 33.Bc6
Ra6 34.Bb5 Rb6 35.a4 Rf6+ 36.Ke2 1-0

[Event "Kadettallsvenskan Helsingborg"]
[Site "Helsingborg"]
[Date "2016.05.14"]
[Round "1.10"]
[White "Berggren, Erik"]
[Black "Ng, Agnes"]
[Result "0-1"]
[WhiteElo "1322"]
[BlackElo "1428"]

1.e4 c5 2.Nc3 Nc6 3.f4 g6 4.Nf3 Bg7 5.Bc4 e6 6.d3 Nge7 7.O-O O-O 8.f5 exf5
9.exf5 d5 10.Bb5 Bxf5 11.Bg5 a6 12.Bxc6 bxc6 13.Re1 f6 14.Bh4 Re8 15.Bf2 
c4 16.d4 Rb8 17.Rb1 Bh6 18.Be3 Bxe3+ 19.Rxe3 Nc8 20.Re2 Nd6 21.b3 Rxe2 22.
Qxe2 Qe8 23.Rc1 Qxe2 24.Nxe2 Re8 25.Kf2 Ne4+ 26.Kf1 Bg4 27.h3 Bxf3 28.gxf3
Ng5 29.h4 Nxf3 30.bxc4 dxc4 31.Re1 Nxe1 32.Kxe1 Re4 33.c3 Rxh4 34.Kf2 Rh2+
35.Kf3 Rxe2 36.Kxe2 Kf7 37.Ke3 Ke6 38.Ke4 h5 39.Kf4 g5+ 40.Ke4 f5+ 41.Kf3 
Kd5 42.Ke3 h4 43.Kf3 g4+ 44.Kf4 h3 45.Kg3 f4+ 46.Kh2 Ke4 47.a4 g3+ 48.Kxh3
Kf3 49.a5 g2 50.Kh4 g1=Q 51.Kh5 Ke4 52.Kh6 Kf5 53.Kh7 Kf6 54.Kh8 Qg7# 0-1

[Event "Kadettallsvenskan Helsingborg"]
[Site "Helsingborg"]
[Date "2016.05.14"]
[Round "1.11"]
[White "Torngren, Alexander"]
[Black "Jepson, Tilda"]
[Result "1-0"]
[WhiteElo "1284"]
[BlackElo "1301"]

1.e4 d6 2.Nf3 Nf6 3.Nc3 g6 4.d4 Bg7 5.Bc4 O-O 6.Bf4 Nc6 7.Qd2 Nd7 8.O-O-O 
Nb6 9.Be2 Bg4 10.Bh6 Bxf3 11.Bxf3 Nxd4 12.Bxg7 Nxf3 13.Qh6 Re8 14.gxf3 Qd7
15.h4 Na4 16.h5 Nxc3 17.Bxc3 e5 18.f4 Qc6 19.hxg6 fxg6 20.Qxh7+ Kf8 21.
Qxg6 Rad8 22.Rh8+ Ke7 23.Qg7+ Ke6 24.Qg6+ Kd7 25.Qf5+ Ke7 26.Rh7# 1-0

[Event "Kadettallsvenskan Helsingborg"]
[Site "Helsingborg"]
[Date "2016.05.14"]
[Round "2.1"]
[White "Szczepanowski, Tomasz"]
[Black "Ngyen, Gabriel"]
[Result "0-1"]
[WhiteElo "1744"]
[BlackElo "1859"]

1.e4 c5 2.Bc4 e6 3.Nc3 Nc6 4.d3 Nf6 5.Nf3 d5 6.exd5 exd5 7.Bb5 Be7 8.O-O 
O-O 9.h3 h6 10.Bf4 Bd6 11.Qd2 Qc7 12.Bxh6 gxh6 13.Qxh6 Be7 14.Ng5 Bf5 15.
g4 Bg6 16.f4 Rfd8 17.f5 Qg3+ 18.Kh1 Bf8 19.Nge4 dxe4 20.Qg5 Bd6 21.Qd2 
Qxh3+ 22.Kg1 Qxg4+ 23.Qg2 Bh5 24.Qxg4+ Bxg4 25.dxe4 Nd4 26.Bd3 Rac8 27.b3 
Be5 28.Rae1 Nf3+ 29.Rxf3 Bxf3 0-1

[Event "Kadettallsvenskan Helsingborg"]
[Site "Helsingborg"]
[Date "2016.05.14"]
[Round "2.2"]
[White "Batra, Sagar"]
[Black "Jonsson, Filip"]
[Result "1-0"]
[WhiteElo "1601"]
[BlackElo "1469"]

1.e4 e6 2.d4 d5 3.exd5 exd5 4.Bd3 Bd6 5.Nc3 c6 6.Nge2 Nf6 7.Bg5 O-O 8.Qd2 
Nbd7 9.Ng3 Re8+ 10.Nce2 c5 11.Nf5 Bb8 12.c3 Qb6 13.O-O-O Ne4 14.Bxe4 dxe4 
15.g4 Nf6 16.dxc5 Qxc5 17.Bxf6 gxf6 18.Qh6 Bxf5 19.gxf5 Qxf5 20.Rhg1+ Kh8 
21.Qg7# 1-0

[Event "Kadettallsvenskan Helsingborg"]
[Site "Helsingborg"]
[Date "2016.05.14"]
[Round "2.3"]
[White "Fakhr Eldin, Majed"]
[Black "Wei, Jun Jun"]
[Result "1/2-1/2"]
[WhiteElo "1377"]
[BlackElo "1138"]

1.e4 e5 2.Nf3 Nc6 3.Bb5 d6 4.O-O Nf6 5.d4 Bd7 6.Bxc6 Bxc6 7.dxe5 dxe5 8.
Nxe5 Qxd1 9.Rxd1 Bxe4 10.Bg5 Be7 11.Re1 Bxc2 12.Bxf6 gxf6 13.Ng4 Bf5 14.
Nxf6+ Kf8 15.Nd5 Bd6 16.Nbc3 Rg8 17.Ne4 Be5 18.Nef6 Bxb2 19.Rab1 Bxb1 20.
Nxg8 Bxa2 21.Ndf6 Bxf6 22.Nxf6 Kg7 23.Ne8+ Kf8 24.Nxc7 Rd8 25.h3 Bb3 26.
Rb1 Rd1+ 27.Rxd1 Bxd1 28.Kf1 a5 29.Ke1 Ba4 30.Nd5 b5 31.Nc3 Ke7 32.Kd2 Kd6
33.Nxa4 bxa4 34.Kc3 Kc5 35.g4 f6 36.f4 h6 37.h4 Kd5 38.g5 fxg5 39.fxg5 
hxg5 40.hxg5 Ke6 41.Kb2 Kf5 42.Ka3 Kxg5 1/2-1/2

[Event "Kadettallsvenskan Helsingborg"]
[Site "Helsingborg"]
[Date "2016.05.14"]
[Round "2.4"]
[White "Sahlstrom, Axel"]
[Black "Uhrberg, Hillevi"]
[Result "0-1"]
[WhiteElo "1100"]
[BlackElo "1131"]

1.e4 e5 2.Nf3 Nf6 3.Nc3 d6 4.Bc4 Be7 5.d4 exd4 6.Nxd4 O-O 7.O-O c6 8.Nf5 
Bxf5 9.exf5 d5 10.Bd3 Re8 11.Bg5 Nbd7 12.Re1 Qc7 13.Bh4 Bd6 14.Bxf6 Nxf6 
15.Rxe8+ Rxe8 16.g3 Bc5 17.Qf3 Re7 18.Ne2 Ne4 19.Bxe4 dxe4 20.Qg4 f6 21.
Nf4 e3 22.fxe3 Bxe3+ 23.Kg2 Bxf4 24.Qxf4 Qxf4 25.gxf4 Re2+ 26.Kg3 Rxc2 27.
b3 Kf7 28.h4 g6 29.Kg4 Rg2+ 30.Kf3 Rd2 31.fxg6+ Kxg6 32.Kg4 Rd5 33.Rf1 h5+
34.Kg3 Kf5 35.Re1 Rd2 36.a4 Rd3+ 37.Kf2 Kxf4 38.Re6 Kg4 39.Re4+ Kf5 40.Re7
Rxb3 41.Rh7 Kg4 42.Rh6 Kxh4 43.Rxf6 b5 44.Rf4+ Kg5 45.Rf7 a6 46.axb5 cxb5 
47.Rd7 Kg4 48.Rd4+ Kf5 49.Rd5+ Ke4 50.Rxh5 a5 51.Rc5 Kd4 52.Rg5 Kc3 53.Ke2
a4 54.Kd1 Rb1+ 55.Ke2 a3 56.Rg3+ Kb2 57.Rg2 a2 58.Kd3+ Kb3 59.Rg5 a1=Q 60.
Rxb5+ Ka3 61.Ra5+ Kb3 62.Rxa1 Rxa1 63.Kd4 Rc1 64.Kd5 Kb4 0-1

[Event "Kadettallsvenskan Helsingborg"]
[Site "Helsingborg"]
[Date "2016.05.14"]
[Round "2.5"]
[White "Uhrberg, Saga"]
[Black "Berglund, Anton"]
[Result "1-0"]
[WhiteElo "1100"]
[BlackElo "1100"]

1.d4 d5 2.Nf3 Nc6 3.Bf4 Nf6 4.e3 Bg4 5.Bb5 e6 6.O-O Bb4 7.c3 Bd6 8.Nbd2 
Bxf4 9.exf4 O-O 10.Bxc6 bxc6 11.Qc2 h6 12.Ne5 Bf5 13.Qa4 Qb8 14.Rab1 Ne4 
15.Nd7 Nxd2 16.Nxb8 Nxb1 17.Nxc6 Bd3 18.Rd1 Be4 19.f3 Bf5 20.Ne7+ Kh8 21.
Nxf5 exf5 22.Rxb1 Rfe8 23.Qd7 Rab8 24.Qxf7 Re2 25.Qxc7 Rbxb2 26.Rxb2 Rxb2 
27.c4 dxc4 28.Qxc4 Rb1+ 29.Kf2 Rb2+ 30.Kg3 Rxa2 31.Qxa2 g5 32.d5 Kg7 33.d6
gxf4+ 34.Kxf4 h5 35.d7 h4 36.d8=Q h3 37.Qxa7+ Kg6 38.Qd6+ Kh5 39.Qh7# 1-0

[Event "Kadettallsvenskan Helsingborg"]
[Site "Helsingborg"]
[Date "2016.05.14"]
[Round "2.6"]
[White "Batra, Sahil"]
[Black "Wu, Oskar"]
[Result "0-1"]
[WhiteElo "1100"]
[BlackElo "1100"]

1.e4 Nf6 2.e5 Nd5 3.Bc4 e6 4.d4 d6 5.Nf3 dxe5 6.Nxe5 Bd6 7.Qf3 Nf6 8.Bf4 
O-O 9.Qg3 Nh5 10.Qf3 Nxf4 11.Qxf4 Nc6 12.Bd3 Nb4 13.Be4 Nd5 14.Qg3 Nf6 15.
Bd3 Bb4+ 16.c3 Bd6 17.Qh3 c5 18.Ng4 g6 19.Qf3 Nxg4 20.Qxg4 e5 21.Qd1 exd4 
22.cxd4 Qh4 23.dxc5 Re8+ 24.Be2 Bxc5 25.O-O Qg5 26.Qb3 Rxe2 27.Nc3 Re5 28.
Rfe1 Bh3 29.g3 Rxe1+ 30.Rxe1 Qf5 31.Ne4 Re8 32.Nf6+ Qxf6 33.Rxe8+ Kg7 34.
Re2 Qc6 35.Qc3+ Kh6 36.Qc1+ Kg7 37.Qc3+ Kg8 38.Re8+ Qxe8 39.Qxc5 Qe1# 0-1

[Event "Kadettallsvenskan Helsingborg"]
[Site "Helsingborg"]
[Date "2016.05.14"]
[Round "2.7"]
[White "Storme, Isak"]
[Black "Szumniak, Jedrzej"]
[Result "0-1"]
[WhiteElo "2101"]
[BlackElo "1945"]

1.b3 d5 2.Nf3 Nf6 3.Bb2 g6 4.g3 Bg7 5.Bg2 O-O 6.O-O c5 7.e3 Nc6 8.d4 b6 9.
dxc5 bxc5 10.c4 Ba6 11.Re1 dxc4 12.Nbd2 cxb3 13.axb3 Bb7 14.Ng5 h6 15.Nge4
Nxe4 16.Bxg7 Qxd2 17.Bxf8 Qxf2+ 18.Kh1 Ne5 19.Rg1 Nxg3+ 20.hxg3 Qxg3 21.
Qh5 Ng4 22.Ra2 gxh5 23.Bxb7 Qh3+ 24.Rh2 Qxh2# 0-1

[Event "Kadettallsvenskan Helsingborg"]
[Site "Helsingborg"]
[Date "2016.05.14"]
[Round "2.8"]
[White "Nord, Alexander"]
[Black "Winsnes, Gabriel"]
[Result "0-1"]
[WhiteElo "1580"]
[BlackElo "1698"]

1.e4 e6 2.d4 d5 3.Nd2 c5 4.Ngf3 Nf6 5.e5 Nfd7 6.c3 Nc6 7.Bd3 Qb6 8.Qb3 
Qxb3 9.axb3 cxd4 10.cxd4 Nb4 11.Bb1 Be7 12.Nf1 Nb8 13.Be3 Bd7 14.Ng3 Bb5 
15.Ne2 O-O 16.Nc3 Ba6 17.Na4 Nd7 18.Kd2 Rac8 19.Ne1 Rc7 20.Bd3 Bxd3 21.
Nxd3 Nxd3 22.Kxd3 Rfc8 23.Rhc1 Rxc1 24.Rxc1 Rxc1 25.Bxc1 Kf8 26.Be3 Ke8 
27.f4 b6 28.Nc3 a6 29.f5 Kd8 30.fxe6 fxe6 31.Ne2 Kc7 32.Nf4 Nf8 33.Nh5 g6 
34.Nf4 Kc6 35.Nh3 Kb5 36.Ng5 Kb4 37.Kc2 a5 38.h4 a4 39.bxa4 Kxa4 40.b3+ 
Kb5 41.g3 Bxg5 42.Bxg5 Nd7 43.Be7 Nb8 44.Bd6 Nc6 45.Kc3 Na5 46.Bc7 Kc6 47.
Bd6 Nb7 48.Bf8 Nd8 49.Be7 Nf7 50.Kb4 Nh6 51.Bg5 Nf5 52.g4 Nxd4 53.h5 Nf3 
54.Bf6 gxh5 55.gxh5 d4 56.Kc4 b5+ 57.Kd3 Kd5 58.Bd8 Nxe5+ 59.Kd2 Nf3+ 60.
Ke2 Ke4 61.Ba5 d3+ 62.Kd1 Kd4 63.Bb4 e5 64.h6 e4 65.Bd6 e3 0-1

[Event "Kadettallsvenskan Helsingborg"]
[Site "Helsingborg"]
[Date "2016.05.14"]
[Round "2.9"]
[White "Ben Said, Aria"]
[Black "Rosager, Sixten"]
[Result "0-1"]
[WhiteElo "1594"]
[BlackElo "1556"]

1.Nf3 Nf6 2.g3 c5 3.c4 Nc6 4.Nc3 g6 5.Bg2 Bg7 6.e3 d6 7.O-O O-O 8.d4 Bf5 
9.a3 Ne4 10.Nh4 Nxc3 11.bxc3 Bd7 12.Nf3 Rb8 13.Rb1 Qa5 14.Qd3 a6 15.Nd2 
Rfd8 16.Bb2 b5 17.cxb5 axb5 18.dxc5 dxc5 19.Nb3 Qa7 20.Qd5 Be6 21.Qxc5 
Bxb3 22.Qxc6 Rd6 23.Qf3 Rbd8 24.Qb7 Qxb7 25.Bxb7 Bc4 26.Rfe1 Rd2 27.Bf3 
Rc2 28.Rec1 Rxc1+ 29.Rxc1 Rd2 30.Ba1 Ra2 31.Rd1 Bf6 32.Rb1 Rxa3 33.Kg2 
Bxc3 34.Bxc3 Rxc3 35.Bc6 Bd3 36.Rd1 Bf1+ 37.Kxf1 Rxc6 38.Rb1 Rc5 39.Ke2 e5
40.Kd3 f5 41.f4 Kf7 42.fxe5 Ke6 43.Kd4 Rxe5 44.Rc1 Rd5+ 45.Kc3 Rc5+ 46.Kb2
Rxc1 47.Kxc1 Kd5 48.Kc2 Kc4 49.h3 b4 50.g4 b3+ 51.Kb2 Kd3 52.gxf5 gxf5 53.
Kxb3 Kxe3 54.Kc2 Ke2 55.Kc3 f4 0-1

[Event "Kadettallsvenskan Helsingborg"]
[Site "Helsingborg"]
[Date "2016.05.14"]
[Round "2.10"]
[White "Akke, Mattias"]
[Black "Olsson, William"]
[Result "1-0"]
[WhiteElo "1528"]
[BlackElo "1549"]

1.e4 c5 2.Nc3 Nc6 3.f4 d6 4.Bb5 Bd7 5.Nf3 a6 6.Bxc6 Bxc6 7.d3 Nf6 8.O-O g6
9.Qe1 Bg7 10.Kh1 Qc7 11.h3 b5 12.f5 b4 13.Nd1 a5 14.Qh4 Nh5 15.Ng5 Bf6 16.
g4 Ng7 17.fxg6 fxg6 18.Qh6 d5 19.Bf4 Be5 20.Qxg7 Rf8 21.Qxf8+ Kxf8 22.Ne6+
1-0

[Event "Kadettallsvenskan Helsingborg"]
[Site "Helsingborg"]
[Date "2016.05.14"]
[Round "2.11"]
[White "Lindholm, Gustav"]
[Black "Bensryd, Hampus"]
[Result "1/2-1/2"]
[WhiteElo "1378"]
[BlackElo "1480"]

1.d4 Nf6 2.c4 e5 3.dxe5 Ng4 4.Nf3 Bc5 5.e3 Nc6 6.Nc3 Ngxe5 7.Bd2 d6 8.h3 
Bf5 9.e4 Be6 10.b3 O-O 11.Be2 h6 12.O-O a6 13.Nd5 Nd4 14.Bc3 Ndxf3+ 15.
Bxf3 c6 16.Ne3 Bxe3 17.fxe3 Qg5 18.Kh1 Rad8 19.Qe2 Qg3 20.Qf2 Qxf2 21.Rxf2
Nxf3 22.Rxf3 f5 23.exf5 Rxf5 24.Rxf5 Bxf5 25.Rd1 Be4 26.Kg1 d5 27.c5 g6 
28.Kf2 Kf7 29.Kg3 Rf8 30.Rf1+ Ke8 31.Rxf8+ Kxf8 32.b4 Kf7 33.Kf2 h5 34.g4 
hxg4 35.hxg4 Ke6 36.Kg3 Bb1 37.a3 Bc2 38.Kf4 1/2-1/2

[Event "Kadettallsvenskan Helsingborg"]
[Site "Helsingborg"]
[Date "2016.05.14"]
[Round "2.12"]
[White "Petersson, David"]
[Black "Rasti, Arvin"]
[Result "1/2-1/2"]
[WhiteElo "1526"]
[BlackElo "1354"]

1.e4 e5 2.Nf3 Nc6 3.Bc4 Bc5 4.c3 Nf6 5.d4 exd4 6.e5 Ng4 7.cxd4 Nxf2 8.Kxf2
Nxd4 9.Nxd4 Qh4+ 10.Ke3 Qg5+ 11.Kd3 Qg6+ 12.Kc3 Qxg2 13.Qg1 Qh3+ 14.Qg3 
Qxg3+ 15.hxg3 b6 16.Be3 Bb7 17.Rf1 Rf8 18.Nd2 O-O-O 19.Rae1 Rde8 20.Bf2 
Kb8 21.Kc2 h6 22.Kb1 Rd8 23.a3 a5 24.Nf5 Bg2 25.Bxc5 Bxf1 26.Bxf8 Bxc4 27.
Nxc4 Rxf8 28.Nxg7 Rg8 29.Nf5 h5 30.Rg1 Rg5 31.Nfe3 Kb7 32.Kc2 Ka6 33.Kd3 
b5 34.Nd2 Rxe5 35.Rh1 d5 36.Rh4 c5 37.Ng2 d4 38.g4 Rg5 39.Rxh5 Rxg4 40.
Rh6+ Kb7 41.Ne1 Rg3+ 42.Kc2 f5 43.Rh5 Re3 44.Ng2 Rg3 45.Ne1 Re3 46.Nef3 
Re7 47.Rxf5 Kb6 48.Rf6+ Kb7 49.Ng5 Re5 50.Ngf3 Rd5 51.Re6 Rd7 52.Ne5 Rd5 
53.Nef3 1/2-1/2

[Event "Kadettallsvenskan Helsingborg"]
[Site "Helsingborg"]
[Date "2016.05.14"]
[Round "3.1"]
[White "Szczepanowski, Tomasz"]
[Black "Ng, Klemens"]
[Result "1/2-1/2"]
[WhiteElo "1744"]
[BlackElo "1903"]

1.e4 c5 2.Nf3 Nc6 3.g3 g6 4.d3 Bg7 5.Nc3 Nf6 6.Bg2 O-O 7.O-O d6 8.h3 Rb8 
9.Be3 e5 10.Qd2 Be6 11.Kh2 Nd4 12.Ne2 b5 13.Nexd4 cxd4 14.Bh6 Qc7 15.Bxg7 
Kxg7 16.Ng5 h6 17.Nxe6+ fxe6 18.f3 Rfc8 19.Rf2 b4 20.Raf1 Rf8 21.f4 a5 22.
fxe5 dxe5 23.Rf3 Rbc8 24.R1f2 Rf7 25.g4 g5 26.Kg1 Kg6 27.Qc1 Qc6 28.h4 
Rcf8 29.hxg5 hxg5 30.Qd2 Qa4 31.Bf1 Qxa2 32.b3 Qb2 33.Be2 Qc3 34.Qc1 Rc8 
35.Qf1 Rcf8 36.Qc1 a4 37.bxa4 b3 38.Rf5 Nh7 39.Rxf7 Rxf7 40.Rxf7 Kxf7 41.
Qf1+ Kg6 42.cxb3 Qxb3 43.Qa1 Nf6 44.a5 Qb7 45.a6 Qa7 46.Qa4 Nd7 47.Qb5 Kf6
48.Bd1 Nc5 49.Qe8 Nxa6 50.Qf8+ Qf7 51.Qh6+ Qg6 52.Qf8+ Qf7 53.Qh6+ Qg6 54.
Qf8+ 1/2-1/2

[Event "Kadettallsvenskan Helsingborg"]
[Site "Helsingborg"]
[Date "2016.05.14"]
[Round "3.2"]
[White "Torngren, Gustav"]
[Black "Jonsson, Filip"]
[Result "1/2-1/2"]
[WhiteElo "1810"]
[BlackElo "1469"]

1.d4 e6 2.c4 Nf6 3.Nf3 b6 4.g3 Ba6 5.Qc2 c6 6.Bg2 d5 7.cxd5 cxd5 8.O-O Bd6
9.Nc3 O-O 10.Rd1 Nbd7 11.Qa4 Bb7 12.Nb5 Bc6 13.Qb3 Bxb5 14.Qxb5 Qc7 15.Bd2
a6 16.Qb3 Qc4 17.Rdc1 Qxb3 18.axb3 a5 19.Rc6 Be7 20.Rac1 Rfd8 21.Bf4 Ne4 
22.Ne1 g5 23.Bc7 Rdc8 24.Nd3 Ndf6 25.Rxb6 Ra7 26.Bb8 Rxc1+ 27.Nxc1 Rd7 28.
Be5 Rd8 29.Bxe4 Nxe4 30.Bc7 Rc8 31.Rb8 Rxb8 32.Bxb8 Nd2 33.Bc7 Bb4 34.f3 
Kg7 35.Kf2 Kg6 36.e3 h5 37.Nd3 Nxb3 38.Nxb4 axb4 39.Bd6 Nc1 40.Kg2 b3 41.
Ba3 f5 42.Kf2 g4 43.f4 Na2 44.Ke2 Kf7 45.Kd3 Ke8 46.Bc5 Kd7 47.Bf8 Kc6 48.
Be7 Kb5 49.Ba3 Kb6 50.Bc5+ Kb5 51.Ba3 1/2-1/2

[Event "Kadettallsvenskan Helsingborg"]
[Site "Helsingborg"]
[Date "2016.05.14"]
[Round "3.3"]
[White "Fakhr Eldin, Majed"]
[Black "Troberg Eskola, Love"]
[Result "0-1"]
[WhiteElo "1377"]
[BlackElo "1881"]

1.e4 e6 2.d4 d5 3.Nc3 Bb4 4.e5 Qd7 5.Nf3 b6 6.a3 Bxc3+ 7.bxc3 Qa4 8.Bd3 
Ba6 9.O-O c5 10.Bxa6 Nxa6 11.Be3 Ne7 12.Ne1 Rc8 13.Qg4 Nf5 14.Qd1 cxd4 15.
Bxd4 Rc4 16.Nd3 Rc8 17.Nb2 Qc6 18.Rc1 O-O 19.f4 Nxd4 20.cxd4 Qc3 21.Qd3 
Qxb2 22.Qxa6 Qxd4+ 23.Kh1 Rc7 24.c3 Qc4 25.Qxc4 Rxc4 26.g3 Rfc8 27.Ra1 
Rxc3 28.a4 R8c5 29.Kg2 g6 30.Rf3 R3c4 31.Rfa3 Ra5 32.R1a2 Kf8 33.Kf3 h5 
34.g4 hxg4+ 35.Kxg4 d4 36.Rd3 Raxa4 37.Rad2 Rab4 38.Kf3 a5 39.Ke4 a4 40.
Rxd4 Rxd4+ 41.Rxd4 Rxd4+ 42.Kxd4 b5 43.Kc3 a3 44.Kb3 b4 45.h3 Kg7 46.h4 
Kh6 0-1

[Event "Kadettallsvenskan Helsingborg"]
[Site "Helsingborg"]
[Date "2016.05.14"]
[Round "3.4"]
[White "Ng, Agnes"]
[Black "Uhrberg, Hillevi"]
[Result "1/2-1/2"]
[WhiteElo "1428"]
[BlackElo "1131"]

1.e4 e5 2.Nf3 Nf6 3.Nc3 Nc6 4.Bc4 Bc5 5.O-O d6 6.h3 O-O 7.d3 h6 8.Na4 Bb6 
9.Nxb6 axb6 10.Be3 d5 11.exd5 Nxd5 12.Bxd5 Qxd5 13.c4 Qd6 14.a3 Be6 15.Qe2
Rfd8 16.Rad1 Nd4 17.Nxd4 exd4 18.Bd2 c5 19.Ra1 Re8 20.Qd1 Bf5 21.Qc2 Re2 
22.Rfe1 Rae8 23.Rxe2 Rxe2 24.Re1 Qe6 25.Qb1 Bxd3 26.Qxd3 Rxe1+ 27.Bxe1 
Qxe1+ 28.Qf1 Qxf1+ 29.Kxf1 Kf8 30.Ke2 Ke7 31.Kd3 Ke6 32.Ke4 Kd6 33.b4 
1/2-1/2

[Event "Kadettallsvenskan Helsingborg"]
[Site "Helsingborg"]
[Date "2016.05.14"]
[Round "3.5"]
[White "Uhrberg, Saga"]
[Black "Torngren, Alexander"]
[Result "0-1"]
[WhiteElo "1100"]
[BlackElo "1284"]

1.d4 d5 2.Nf3 Nc6 3.Bf4 Nf6 4.e3 e6 5.Bb5 Bd7 6.O-O Bd6 7.Bxd6 cxd6 8.Nc3 
a6 9.Bxc6 Bxc6 10.Re1 O-O 11.Qd3 Re8 12.Rad1 e5 13.dxe5 dxe5 14.Nh4 Qd7 
15.Nf5 e4 16.Qd4 Qxf5 17.f4 Qg6 18.Rf1 Bd7 19.h3 Bxh3 20.Rf2 Be6 21.Kf1 
Rad8 22.Qb4 Rd7 23.Rfd2 Qh5 24.Na4 Ng4 25.Ke1 Qh1+ 26.Ke2 Qxg2+ 27.Ke1 
Qg1+ 28.Ke2 Qf2# 0-1

[Event "Kadettallsvenskan Helsingborg"]
[Site "Helsingborg"]
[Date "2016.05.14"]
[Round "3.7"]
[White "Szumniak, Jedrzej"]
[Black "Nabbing, Johanna"]
[Result "1-0"]
[WhiteElo "1945"]
[BlackElo "1343"]

1.d4 Nf6 2.c4 g6 3.Nc3 Bg7 4.e4 d6 5.Nf3 O-O 6.Be2 Re8 7.O-O Nc6 8.h3 e5 
9.d5 Nd4 10.Be3 Nxe2+ 11.Qxe2 c6 12.dxc6 bxc6 13.Rad1 Bb7 14.Bg5 Qd7 15.
Rd2 d5 16.Bxf6 Bxf6 17.cxd5 cxd5 18.Nxd5 Bxd5 19.Rxd5 Qe6 20.Rfd1 Rad8 21.
Qb5 Rxd5 22.Rxd5 Rb8 23.Qxb8+ Kg7 24.Nxe5 h5 25.Qc7 a6 26.Nxf7 Qxf7 27.Rd7
Qxd7 28.Qxd7+ Kf8 29.f4 a5 30.e5 Be7 31.g4 h4 32.f5 gxf5 33.gxf5 a4 34.f6 
Bxf6 35.exf6 Kg8 36.Qg7# 1-0

[Event "Kadettallsvenskan Helsingborg"]
[Site "Helsingborg"]
[Date "2016.05.14"]
[Round "3.8"]
[White "Lindholm, Marcus"]
[Black "Nord, Alexander"]
[Result "1/2-1/2"]
[WhiteElo "1197"]
[BlackElo "1580"]

1.e4 e6 2.Nc3 d5 3.d3 Bb4 4.Bd2 Nf6 5.a3 Be7 6.Nf3 O-O 7.Be2 b6 8.exd5 
Nxd5 9.O-O Bb7 10.d4 Bf6 11.Bc4 Nxc3 12.Bxc3 Bd5 13.Bxd5 Qxd5 14.Qd3 Rd8 
15.Rad1 Nc6 16.Rfe1 Qf5 17.Qxf5 exf5 18.b4 a6 19.Bb2 h6 20.c3 Re8 21.Rxe8+
Rxe8 22.Re1 Kf8 23.Kf1 Na7 24.Re3 Rxe3 25.fxe3 Nb5 26.Ke2 Ke7 27.Kd3 Nd6 
28.c4 b5 29.c5 Ne4 30.Bc1 Ng5 31.Nxg5 Bxg5 32.d5 Bf6 33.e4 Be5 34.h3 f4 
35.Ke2 g5 36.Kf3 Bd4 37.Kg4 1/2-1/2

[Event "Kadettallsvenskan Helsingborg"]
[Site "Helsingborg"]
[Date "2016.05.14"]
[Round "3.9"]
[White "Rosager, Sixten"]
[Black "Strom-Engdahl, Alexander"]
[Result "1-0"]
[WhiteElo "1556"]
[BlackElo "1196"]

1.e4 c5 2.Nf3 d6 3.Bb5+ Bd7 4.Bxd7+ Qxd7 5.d4 cxd4 6.Nxd4 g6 7.c4 Bg7 8.
Nc3 Nc6 9.Be3 a6 10.O-O Nf6 11.f4 e6 12.Qf3 Ng4 13.Qxg4 Nxd4 14.Rad1 Nc2 
15.Bc5 Bf8 16.e5 Rc8 17.Bxd6 Ne3 18.Qe2 Nxf1 19.Bxf8 Qxd1 20.Qxd1 Ne3 21.
Qe2 Nxc4 22.Bg7 Rg8 23.Bf6 Nb6 24.Qd2 Nd7 25.Ne4 Rc7 26.Qd6 Rc1+ 27.Kf2 
Rc2+ 28.Kg3 Rxg2+ 29.Kxg2 1-0